| 000 | 00900nam a2200217 a 4500 | ||
|---|---|---|---|
| 003 | AM-YeHGA | ||
| 005 | 20250617160118.0 | ||
| 008 | 180125s1960 ru |||||r|||||001|0|rus|| | ||
| 040 | _aAM-YeHGA | ||
| 041 | 0 | _arus | |
| 100 | 1 | _aЕналеев, Ш.М. | |
| 245 | 1 | 0 |
_aОсуществление ленинской национальной политики в Татарии : _b(1929-1937 гг.) / _cШ.М. Еналеев. |
| 260 |
_aКазань : _bИзд-во Казан. ун-та, _c1960. |
||
| 300 |
_a106 с. ; _c22 см. |
||
| 504 | _aБиблиогр. в подстроч. примеч. | ||
| 650 | 1 | 4 |
_aНациональная политика _zСССР |
| 653 | 0 | _aКПСС - История - Татарская организация | |
| 653 | 0 | _aКоммунистическое строительство - Татарская АССР | |
| 942 |
_2udc _cBK |
||
| 090 | _c449035 | ||
| 999 |
_c446166 _d446166 |
||